Applications of energy : nineteenth century /

Guardado en:
Otros Autores: Lindsay, R. Bruce 1900-
Formato: Libro
Idioma:English
Publicado: Stroudsburg, Pa. : [New York] : Dowden, Hutchinson & Ross ; exlusive distributor, Halsted Press, c1976.
Series:Benchmark papers on energy ; 2
Materias:
Etiquetas: Agregar Etiqueta
Sin Etiquetas, Sea el primero en etiquetar este registro!
LEADER 01090pam a22002655a 4500
001 EIQ.libpla001176
008 760331s1976####paua#####b####001#0#eng#d
005 20130308141101.0
245 0 0 |a Applications of energy :  |b nineteenth century /  |c edited by R. Bruce Lindsay. 
260 |a Stroudsburg, Pa. :  |b Dowden, Hutchinson & Ross ;  |a [New York] :  |b exlusive distributor, Halsted Press,  |c c1976. 
300 |a xi, 420 p. :  |b il. ;  |c 26 cm. 
440 0 |a Benchmark papers on energy ;  |v 2 
504 |a Incluye referencias bibliográficas e índices. 
020 |a 0879332271 
700 1 |a Lindsay, R. Bruce  |q (Robert Bruce),  |d 1900- 
082 0 0 |a 621 
650 4 |a Energía mecánica  |x Ensayos, lecturas. 
650 4 |a Fuerza y energía  |x Ensayos, lecturas. 
650 4 |a Termodinámica  |x Ensayos, lecturas. 
650 4 |a Power (Mechanics)  |x Addresses, essays, lectures. 
650 4 |a Force and energy  |x Addresses, essays, lectures. 
650 4 |a Thermodynamics  |x Addresses, essays, lectures. 
010 |a  76011739  
040 |a DLC  |c DLC  |d AR-BbSID 
859 |a AR-BbSID  |b BIB. PLAPIQUI  |h 621  |i L 64  |p 769  |3 Vol. 2